|
|
|
|
| LEADER |
00000nam a22000007a 4500 |
| 005 |
2019041406316.0 |
| 007 |
cr|||| |||| |
| 008 |
190414s2018 es |||||s|||| 00||0 spa d |
| 020 |
|
|
|a 978-84-948188-0-6
|
| 035 |
|
|
|a 23086
|
| 040 |
|
|
|a vLex
|
| 090 |
|
|
|c 8621
|d 8621
|
| 245 |
0 |
2 |
|a El sector turs̕tico espaǫl
|h [Recurso electrn̤ico] :
|b Cuestiones y retos fiscales
|
| 256 |
|
|
|a Servicio en ln̕ea
|
| 260 |
|
|
|a Barcelona:
|b J.M. Bosch Editor,
|c 2018
|
| 300 |
|
|
|a 1 recurso electrn̤ico
|
| 500 |
|
|
|a La importancia del sector turs̕tico en Espaą es innegable, puesto que su aportacin̤ al PIB supera el 10%, siendo, por tanto, una fuente significativa de creacin̤ de empleo y riqueza para la economa̕ espaǫla. De ah,̕ que la realizacin̤ un anl̀isis jurd̕ico-tributario del mismo adquiera relevancia en la actualidad, ya que se trata de un sector vulnerable a la situacin̤ econm̤ico nacional e internacional, pues sus ingresos dependen de la capacidad econm̤ica de los ciudadanos-contribuyentes. Por ello, parece adecuado analizar si el sistema tributario espaǫl, tanto desde el m̀bito de la fiscalidad directa como indirecta, recogen una normativa fiscal especf̕ica para el sector o incluyen determinados beneficios fiscales que lo protejan ante los ciclos econm̤icos, que sirvan para asentar y favorecer el desarrollo de un sector clave de la economa̕ espaǫla.
|
| 506 |
1 |
|
|a Disponible solo en los productos indicados
|d vLex Global
|d vLex Global (Academic Edition, excluding Law Schools)
|d vLex Global (U.S. Academic Edition, Law Schools)
|d vLex Global (U.S. Academic Edition, excluding Law Schools)
|d vLex Global (Academic Edition, Law Schools)
|
| 650 |
0 |
4 |
|a Derecho Fiscal
|z Espaą
|
| 650 |
0 |
4 |
|a Economa̕ y negocios
|z Espaą
|
| 740 |
0 |
|
|a vLex Libros (Servicio en ln̕ea)
|
| 856 |
4 |
0 |
|u http://vlex.com/source/sector-turistico-espa-ol-cuestiones-y-retos-fiscales-23086
|z Acceso restringido
|
| 942 |
|
|
|c BOOK
|
| 999 |
0 |
|
|a Tax Law
|
| 999 |
0 |
|
|a Economy and business
|